000 00827nam a2200253 i 4500
001 180824
003 ES-MaACL
005 20250821102026.0
008 120717s1991 sp ao |||| |dspa d
020 _a84-7679-199-2
080 _a73Fernández, Gregorio
100 1 _aRío, Isabel del.
_9151022
245 1 0 _aGregorio Fernández y su escuela /
_cIsabel del Río.
260 _aMadrid :
_bHistoria Viva,
_c[1991]
300 _aVIII, 31 p. :
_bil. col. y n. ;
_c24 cm.
490 1 _aCuadernos de arte español ;
_v40
594 _aEn cub.: Historia 16.
600 1 4 _aFernández, Gregorio,
_dca. 1566-1636
_9239944
650 4 _aEscultura barroca-
_zEspaña.
_9151025
830 0 0 _aCuadernos de arte español
_v40
_9191338
852 _aES-MaACL
_j2314-F-16
942 _2udc
999 _c180824
_d180824